• 首页
  • 本馆介绍
  • 公告通知
  • 最新文献
  • 馆藏检索
  • 电子资源
  • 读者导购
  • 参考咨询
  • 我的图书馆
  • 登录
  • 详细信息显示
  • 放入我的书架
  • 预约/预借图书
  • 作者相关作品
  • 分类相关作品
  • 丛书相关作品
  • 出版社相关作品

书目信息

  • 表格格式
  • 工作单格式
  • 卡片格式
题名:
新译校注《蒙古源流》
    
 
作者: 萨囊彻辰 著 ;道润梯步 译校
分册:  
出版信息: 呼和浩特   内蒙古人民出版社  1980.10
页数: 474页
开本: 21cm
丛书名:
单 册:
中图分类: K281.2
科图分类:
主题词: 中华民族--民族历史 , 中华民族--民族志
电子资源:
ISBN:
000 00733nam0 2200241 45
001 0212041750
005 20031219104101.7
010    @dCNY2.85@b精装
091    @a11089.36
100    @a20021204d1980 km y0chiy0120 ea
101 0  @achi
105    @a z 000yy
200 1  @a新译校注《蒙古源流》@AXin Yi Xiao Zhu《Meng Gu Yuan Liu》@f萨囊彻辰著@FSa Nang Che Chen Zhu@g道润梯步译校
210    @a呼和浩特@c内蒙古人民出版社@d1980.10
215    @a474页@d21cm
300    @a附录:青海和硕特世系表;萨囊彻辰家系表
606 0  @a中华民族@x民族历史
606 0  @a中华民族@x民族志
690    @aK281.2@v1
701  0 @a萨囊彻辰@4著
702  0 @a道润梯步@ADao Run Ti Bu@4译校
801    @aCN@bTSTC@c20021204
905    @f1@b219428@dK281.2@e32
    
    新译校注《蒙古源流》/萨囊彻辰著/道润梯步译校.-呼和浩特:内蒙古人民出版社,1980.10
    474页;21cm
    附录:青海和硕特世系表;萨囊彻辰家系表
    
    ISBN (精装):CNY2.85
    
●
相关链接 在E读中查询图书 在五车中查询图书 在当当中查询图书 在豆瓣中查询图书


正题名:新译校注《蒙古源流》     索取号:K281.2/32         预约/预借

序号 登录号 条形码 馆藏地/架位号 状态 备注
1 0219428   001733404   第二样本阅览室/ [索取号:K281.2/32] 在馆    
唐山师范学院图书馆 欢迎您!
大连网信软件有限公司© 版权所有